PhDr. Oldřich Sládek šesťdesiatročný

Bibliographic Details
Main Author: Kartous, Peter, 1943- (Author)
Format: Article
Language:Slovak
ISSN:0231-6722
Subjects:

MARC

LEADER 00000nab a2200000 a 4500
001 vtls000651614
003 SK-MaSNL
005 20260304091200.0
008 250425c1997 xo 0 slo
015 |a SNBRA1998/02-03969 
035 |a CLN000003808 
035 |a urn:nbn:sk:snk-ab7hl0 
035 |a (urnnbn)urn:nbn:sk:snk:ar-005swe 
035 |a (uuid)f7c9a7b6-ba0b-430b-95c7-54a860881ad4 
040 |a SNKBUCL  |b slo  |c SNKBUCL  |e AACR2 
041 0 |a slo 
044 |a xo  |c SK 
080 |a 930.25-051  |2 1997 
080 |a 929 Sládek, Oldřich  |2 1997 
100 1 |a Kartous, Peter,  |d 1943-  |4 aut  |9 100853 
245 1 0 |a PhDr. Oldřich Sládek šesťdesiatročný  |c Peter Kartous 
600 1 7 |a Sládek, Oldřich,  |d 1937-2018  |2 snkbucl  |9 245998 
655 7 |a články z novín a časopisov  |2 snkbucl  |2 snkbucl  |9 267496 
773 0 |t Slovenská archivistika  |g Roč. 32, č. 2 (1997), s. 187-188  |x 0231-6722 
850 |a Slovenská národná knižnica 
852 |a Slovenská národná knižnica 
954 |a odborná, vedecká literatúra pôvodná (slovenská)  |2 lita 
958 |a article7 
958 |a OND 
958 |a CZ 
958 |a BC 
958 |a EUIPO 
992 |a RBX 
999 |c 2814486  |d 2816416